书目信息 |
| 题名: |
普通植物病理学实验指导
|
|
| 作者: | 许文耀 主编 | |
| 分册: | ||
| 出版信息: | 北京 科学出版社 2006.10 |
|
| 页数: | 176页 | |
| 开本: | 26cm | |
| 丛书名: | ||
| 单 册: | ||
| 中图分类: | S432.1 | |
| 科图分类: | ||
| 主题词: | 植物--病虫害防治方法 | |
| 电子资源: | ||
| ISBN: | 7-03-017897-1 | |
| 000 | 00661 nam 000229 | |
| 001 | 0100001642 | |
| 005 | 20070901100005.45 | |
| 010 | @a7-03-017897-1@dCNY18.00 | |
| 100 | @a20070804d2006 em y0chiy0121 ea | |
| 101 | @achi | |
| 102 | @aCN@b110000 | |
| 105 | @ay z 000yy | |
| 200 | 10 | @a普通植物病理学实验指导@9pu ting zhi wu bing li xue shi yan zhi dao@f许文耀主编@Fxu wen yao zhu bian |
| 210 | @a北京@c科学出版社@d2006.10 | |
| 215 | @a176页@d26cm | |
| 300 | @a全国高等农林院校规划教材 | |
| 606 | @a植物@x病虫害防治方法 | |
| 690 | @aS432.1@v4 | |
| 701 | 0 | @a许文耀@9xu wen yao@4主编 |
| 801 | @aCN@c20070901 | |
| 901 | @a000003 | |
| 905 | @dS432.1@eX900 | |
| 普通植物病理学实验指导/许文耀主编.-北京:科学出版社,2006.10 |
| 176页;26cm |
| 全国高等农林院校规划教材 |
| ISBN 7-03-017897-1:CNY18.00 |
| ● |
| 相关链接 |
|
|
|
正题名:普通植物病理学实验指导
索取号:S432.1/X900
 
预约/预借
| 序号 | 登录号 | 条形码 | 馆藏地/架位号 | 状态 | 备注 |
| 1 | 643394 | 206433947 | 自科库401/401自科库 67排2列5层/ [索取号:S432.1/X900] | 在馆 | |
| 2 | 643395 | 206433956 | 自科库401/401自科库 67排2列5层/ [索取号:S432.1/X900] | 在馆 | |
| 3 | 643396 | 206433965 | 自科库401/401自科库 67排2列5层/ [索取号:S432.1/X900] | 在馆 |